000
00176nam a2200073Ia 4500
008
170524s9999 xx 000 0 und d
100
_a
SHAKESPEARE
245
0
_a
Sarvsrast Kahanina
260
_b
PRAKASHAN- VIBHAG
999
_c
9263
_d
9263